Traditional and Christianised rites of accommodating the spirit of the dead : (Record no. 128480)
[ view plain ]
| 000 -LEADER | |
|---|---|
| fixed length control field | 01675cam a2200373 a 4500 |
| 001 - CONTROL NUMBER | |
| control field | 12987191 |
| 005 - DATE AND TIME OF LATEST TRANSACTION | |
| control field | 20181101124851.0 |
| 008 - FIXED-LENGTH DATA ELEMENTS--GENERAL INFORMATION | |
| fixed length control field | 020905s2001 rh b 000 0 eng |
| 010 ## - LIBRARY OF CONGRESS CONTROL NUMBER | |
| LC control number | 2002345814 |
| 040 ## - CATALOGING SOURCE | |
| Original cataloging agency | DLC |
| Transcribing agency | DLC |
| Modifying agency | DLC |
| 042 ## - AUTHENTICATION CODE | |
| Authentication code | lcode |
| 043 ## - GEOGRAPHIC AREA CODE | |
| Geographic area code | f-rh--- |
| 050 00 - LIBRARY OF CONGRESS CALL NUMBER | |
| Classification number | BR115C8 E49 |
| 082 00 - DEWEY DECIMAL CLASSIFICATION NUMBER | |
| Classification number | 264/.020985096891 |
| Edition number | 22 |
| 100 1# - MAIN ENTRY--PERSONAL NAME | |
| Personal name | Elsener, Joseph. |
| 9 (RLIN) | 43208 |
| 245 10 - TITLE STATEMENT | |
| Title | Traditional and Christianised rites of accommodating the spirit of the dead : |
| Remainder of title | the history of a case of inculturation in Zimbabwe / |
| Statement of responsibility, etc | Josef Elsener, Fritz Kollbrunner. |
| 246 14 - VARYING FORM OF TITLE | |
| Title proper/short title | Accommodating the spirit of the dead |
| 260 ## - PUBLICATION, DISTRIBUTION, ETC. (IMPRINT) | |
| Place of publication, distribution, etc | Harare : |
| Name of publisher, distributor, etc | Theological Reflection and Exchange Dept. of the Inter-regional Meeting of the Bishops of Southern Africa, |
| Date of publication, distribution, etc | 2001. |
| 300 ## - PHYSICAL DESCRIPTION | |
| Extent | iv, 65 p. ; |
| Dimensions | 21 cm. |
| 440 #0 - SERIES STATEMENT/ADDED ENTRY--TITLE | |
| Title | IMBISA occasional papers ; |
| Volume number/sequential designation | no. 6 |
| 9 (RLIN) | 43209 |
| 504 ## - BIBLIOGRAPHY, ETC. NOTE | |
| Bibliography, etc | Includes bibliographical references (p. 54-65). |
| 610 20 - SUBJECT ADDED ENTRY--CORPORATE NAME | |
| Corporate name or jurisdiction name as entry element | Catholic Church |
| General subdivision | Missions |
| Geographic subdivision | Zimbabwe. |
| 9 (RLIN) | 43210 |
| 650 #0 - SUBJECT ADDED ENTRY--TOPICAL TERM | |
| Topical term or geographic name as entry element | Shona (African people) |
| General subdivision | Funeral customs and rites |
| Geographic subdivision | Zimbabwe. |
| 9 (RLIN) | 43211 |
| 650 #0 - SUBJECT ADDED ENTRY--TOPICAL TERM | |
| Topical term or geographic name as entry element | Christianity and culture |
| Geographic subdivision | Zimbabwe. |
| 9 (RLIN) | 43212 |
| 650 #0 - SUBJECT ADDED ENTRY--TOPICAL TERM | |
| Topical term or geographic name as entry element | Ancestor worship |
| Geographic subdivision | Zimbabwe. |
| 9 (RLIN) | 43213 |
| 651 #0 - SUBJECT ADDED ENTRY--GEOGRAPHIC NAME | |
| Geographic name | Zimbabwe |
| General subdivision | Religious life and customs. |
| 9 (RLIN) | 43214 |
| 651 #0 - SUBJECT ADDED ENTRY--GEOGRAPHIC NAME | |
| Geographic name | Zimbabwe |
| General subdivision | Social life and customs. |
| 9 (RLIN) | 14790 |
| 700 1# - ADDED ENTRY--PERSONAL NAME | |
| Personal name | Kollbrunner, Fritz. |
| 9 (RLIN) | 7274 |
| 710 2# - ADDED ENTRY--CORPORATE NAME | |
| Corporate name or jurisdiction name as entry element | Catholic Church. |
| Subordinate unit | Interregional Meetings of the Bishops of Southern Africa. |
| -- | Theological Reflection and Exchange Department. |
| 9 (RLIN) | 43215 |
| 906 ## - LOCAL DATA ELEMENT F, LDF (RLIN) | |
| a | 7 |
| b | cbc |
| c | origode |
| d | 3 |
| e | ncip |
| f | 20 |
| g | y-gencatlg |
| 942 ## - ADDED ENTRY ELEMENTS (KOHA) | |
| Source of classification or shelving scheme | Library of Congress Classification |
| Item type | Monograph ( Printed materials) |
| Withdrawn status | Lost status | Source of classification or shelving scheme | Damaged status | Not for loan | Collection code | Home library | Current library | Shelving location | Date acquired | Total Checkouts | Full call number | Barcode | Date last seen | Price effective from | Koha item type |
|---|---|---|---|---|---|---|---|---|---|---|---|---|---|---|---|
| Library of Congress Classification | Main Collection | ARRUPE LIBRARY | ARRUPE LIBRARY | Main Collection | 01/11/2018 | BR115C8 E49 | 46600003126 | 01/11/2018 | 01/11/2018 | Monograph ( Printed materials) |